000 00605nam a2200241 a 4500
003 AR-BaBNM
005 20251128203440.0
008 082120s2002 ||||||||||||||000 | spa||
040 _cAR-BaBNM
100 1 _aVictoria, Marcos
245 0 0 _aLa soledad en la poesía argentina
260 _aBuenos Aires
_bAcademia Argentina de Letras
_c1971
300 _a173 p.
650 4 _aLITERATURA ARGENTINA
650 4 _aCRITICA LITERARIA
650 4 _aPOESIA
650 4 _aESCRITORES
653 _aLUNFARDO
653 _aLITERATURA GAUCHESCA
655 _aLITERATURA
942 _cBK
998 _cMARTIN
999 _c3433
_d3433